00988nam a2200241 a 4500001001000000005001700010008004100027020001500068040001800083050002200101100002100123245012900144260007600273300004800349500003400397504004100431600004400472600005000516610005400566650005000620650004900670700002700719BRCA_167920190320203514.0980112s1998 dcua---##b---#001-0#eng-# a1560985720 aDLCcDLCdDLC 4aND1807b.F47 19981 aFerber, Linda S.10aMasters of Color and LightbHomer, Sargent, and the American Watercolor MovementcLinda S. Ferber and Barbara Dayer Gallati. aWashingtonbThe Brooklyn Museum of Art : Smithsonian Institutioncc1998 axiii, 223 p.bil. (algunas a color)c28 cm. aIncluye índice alfabético aIncluye referencias bibliográficas14aHomer, Winslowd1836-1910vExposiciones14aSargent, John Singerd1856-1925vExposiciones24aBrooklyn Museum of Art (Nueva York)vExposiciones14aAcuarelas americanasvExposicionesySiglo XIX14aAcuarelasvExposicioneszNueva York (Estado)1 aGallati, Barbara Dayer